| 000 | 02390nam a22003017a 4500 | ||
|---|---|---|---|
| 999 |
_c58531 _d58531 |
||
| 003 | Ge_BSU | ||
| 005 | 20220525122248.0 | ||
| 008 | 220525s2019 ge ||||| |||| 00| 0 geo d | ||
| 020 | _a9789941138416 | ||
| 041 | _ageo | ||
| 080 | _a338.24 + 005.5 კ-56 | ||
| 100 |
_aკიტი, პოლ გ. _913840 |
||
| 245 |
_aმენეჯერული ეკონომიკა = Managerial economics : _bეკონომიკური ინსტრუმენტები თანამედროვე მენეჯერებისთვის / _cპოლ გ. კიტი, ფილიპ კ. ი. იანგი, სტივენ ი. ერფელი; მთავარი რედაქტორი ეთერ ხარაიშვილი, რედაქტორი ინეზა გაგნიძე, მარინა ჩავლეიშვილი, თამარ ლაზარიაშვილი; მთარგმნელი ია ნაცვლიშვილი, თენგიზ თაქთაქიშვილი, ნინო საღარეიშვილი. |
||
| 250 | _aმეშვიდე გამოცემა | ||
| 264 |
_aთბილისი : _bთბილისის უნივერსიტეტის გამომცემლობა, _c 2019. |
||
| 300 |
_a665 გვ. : _b ნახ. ; _c27 სმ. |
||
| 653 | _aმენეჯერული ეკონომიკა. | ||
| 700 |
_aიანგი, ფილიპ კ. ი. _eავტორი _913841 |
||
| 700 |
_aერფელი, სტივენ ი. _eავტორი _913842 |
||
| 700 |
_aხარაიშვილი, ეთერ _eმთ. რედაქტორი _92000 |
||
| 700 |
_aგაგნიძე, ინეზა _eრედაქტორი _912287 |
||
| 700 |
_aჩავლეიშვილი, მარინა _eრედაქტორი _913843 |
||
| 700 |
_aლაზარიაშვილი, თამარ _eრედაქტორი _913844 |
||
| 700 |
_aნაცვლიშვილი, ია _eმთარგმნელი _913845 |
||
| 700 |
_aთაქთაქიშვილი, თენგიზ _eმთარგმნელი _913846 |
||
| 700 |
_aსაღარეიშვილი, ნინო _eმთარგმნელი _913847 |
||
| 942 |
_2udc _cBK |
||